Catàleg del Col·legi de Periodistes de Catalunya

Metròpolis (Registre núm. 6737)

000 -CABECERA
Campo de control de longitud fija 00340nam a22001337a 4500
005 - FECHA Y HORA DE LA ÚLTIMA TRANSACCIÓN
Campo de control 20140604124403.0
008 - CAMPO FIJO DE DESCRIPCIÓN FIJA--INFORMACIÓN GENERAL
Campo de control de longitud fija 140604s2007 spa||||| |||| 00| 0 cat d
110 2# - ENCABEZAMIENTO PRINCIPAL--NOMBRE CORPORATIVO
9 (RLIN) 2843
Nombre corporativo o de jurisdicción como elemento de entrada Fundació "la Caixa"
245 ## - MENCIÓN DE TÍTULO
Título Metròpolis
260 ## - PUBLICACIÓN, DISTRIBUCIÓN, ETC (PIE DE IMPRENTA)
Lugar de publicación, distribución, etc. Barcelona
Nombre del editor, distribuidor, etc. Edicions 62
Fecha de publicación, distribución, etc. 2007
300 ## - DESCRIPCIÓN FÍSICA
Extensión 238 p.
Dimensiones 35 cm.
650 04 - ASIENTO SECUNDARIO DE MATERIA--TÉRMINO DE MATERIA
9 (RLIN) 3096
Nombre de materia o nombre geográfico como elemento de entrada Fotografia
942 ## - ELEMENTOS KOHA
Fuente de clasificación o esquema de ordenación en estanterías
Koha tipo de item Monografies
Fons
Suprimido Perdido Fuente de clasificación o esquema de ordenación en estanterías Estropeado No se presta Localización (Biblioteca) Sublocalización o Colección (subbiblioteca) Fecha de adquisición Koha préstamos (veces que ha sido prestado) Koha signatura completa Designación de pieza (código de barras) Koha Fecha de último uso Precio Koha tipo de item
          CPC Girona CPC Girona 2014-06-04   Vv 221 GIRONA1406301242 2014-06-04 2014-06-04 Monografies
          CPC Girona CPC Girona 2015-07-30   Vv 1108 GIRONA15070186 2015-07-30 2015-07-30 Monografies

Implantat amb Koha